| 000 | 00590 a2200193 4500 | ||
|---|---|---|---|
| 999 |
_c4324 _d4324 |
||
| 010 | _aENG-86242 | ||
| 020 |
_a978812033096X _c395.00 |
||
| 035 | _aEN-69775 | ||
| 037 | _bDBAD / PUB | ||
| 082 | 1 | 4 | _a382 |
| 100 | _aCherunilam, Francis | ||
| 245 | 1 |
_aInternational business : _cby Francis Cherunilam _btext and cases/ |
|
| 250 | _a4th ed. | ||
| 260 |
_aNew Delhi _bPrentice-Hall of India _c2007 |
||
| 270 |
_aM-97, Connaught Circus _bNew Delhi _cNew Delhi _e110 001 |
||
| 300 |
_axxiii, 848p. _c23cm. (Pbk) |
||
| 500 | _aIncludes index | ||
| 942 |
_adpl _cEN _2ddc _h382 _mCHE |
||